Válka o Uber příběh zběsilé ctižádosti

Enregistré dans:
Détails bibliographiques
Auteur principal: Isaac, Mike
Autres auteurs: Nevrlá, Eva
Format: Livre
Langue:tchèque
Publié: Brno Jan Melvin Publishing 2021
Édition:1. vydání
Sujets:
Tags: Ajouter un tag
Pas de tags, Soyez le premier à ajouter un tag!

MARC

LEADER 00000nam a2200000 4500
001 0279902
005 20240416114144.1
020 |a 978-80-7555-126-9 
041 0 |a cze 
044 |a CZ 
245 1 0 |a Válka o Uber  |b příběh zběsilé ctižádosti  |c Mike Isaac ; Překlad: Eva Nevrlá 
250 |a 1. vydání 
264 1 |a Brno  |b Jan Melvin Publishing  |c 2021 
300 |a 383 s. 
610 2 0 |a podnikanie 
610 2 0 |a start-up 
610 2 0 |a firmy 
610 2 0 |a služby 
610 2 0 |a preprava 
610 2 0 |a doprava 
610 2 0 |a konkurencia 
610 2 0 |a zákazníci 
610 2 0 |a stratégia investičná 
100 1 |a Isaac, Mike 
700 1 |a Nevrlá, Eva